|
|
|
|
| LEADER |
01141nam a22002417a 4500 |
| 001 |
29669 |
| 003 |
BD-DhAAL |
| 005 |
20240912115747.0 |
| 008 |
150827n bg ||||| |||| 00| 0 ben d |
| 040 |
|
|
|a BD-DhAAL
|c BD-DhAAL
|
| 082 |
|
|
|a 307.1412095492
|2 22
|
| 245 |
|
|
|a ব্র্যাক কার্যক্রম পরিচিতি,
|f ১৯৭২-১৯৮২.
|
| 264 |
|
|
|a ঢাকা :
|b বাংলাদেশ রুরাল এ্যাডভান্সমেন্ট কমিটি (ব্র্যাক),
|c ?.
|
| 300 |
|
|
|a পৃষ্ঠা ;
|c ৩৪ সে. মি.
|
| 541 |
|
|
|e 29669
|
| 610 |
|
|
|a BRAC
|9 13686
|
| 650 |
|
|
|a Rural Development.
|9 14258
|
| 710 |
|
|
|a BRAC
|9 13686
|
| 852 |
|
|
|a Ayesha Abed Library
|c BRAC Resource Section
|
| 942 |
|
|
|2 ddc
|c BK
|
| 999 |
|
|
|c 35385
|d 35385
|
| 952 |
|
|
|0 0
|1 0
|2 ddc
|4 0
|6 307_141209549200000_BRA
|7 1
|9 55641
|a BRACUL
|b BRACUL
|c BRS
|d 2015-08-27
|l 1
|o 307.1412095492 BRA
|p 3010029669
|r 2025-12-30
|s 2025-03-23
|t 1
|w 2015-08-27
|y BK
|
| 952 |
|
|
|0 0
|1 0
|2 ddc
|4 0
|6 307_141209549200000_BRA
|7 1
|9 55642
|a BRACUL
|b BRACUL
|c BRS
|d 2015-08-27
|l 1
|o 307.1412095492 BRA
|p 3010029670
|r 2025-12-30
|s 2025-03-23
|t 2
|w 2015-08-27
|y BK
|